00272nam a2200097Ia 4500001000800000005001700008008004100025020001800066245007100084260001900155126997820260417145319.0260417s9999 xx 000 0 und d a9772149467977 0aZehir Gibi Kafalar Dünya'nın Neden Ateşi VarcFederico Taddia bKetebe Çocuk